Sức chịu của vật liệu

Wedi'i Gadw mewn:
Manylion Llyfryddiaeth
Prif Awdur: Ferdinand L.Singer
Fformat: Llyfr
Iaith:Undetermined
Cyhoeddwyd: Sài Gòn [ Sài Gòn ] 1965
Pynciau:
Tagiau: Ychwanegu Tag
Dim Tagiau, Byddwch y cyntaf i dagio'r cofnod hwn!
Thư viện lưu trữ: Trung tâm Học liệu Trường Đại học Cần Thơ
LEADER 00476nam a2200169Ia 4500
001 CTU_46048
008 210402s9999 xx 000 0 und d
082 |a 621.01 
082 |b S617/ T1 
100 |a Ferdinand L.Singer 
245 0 |a Sức chịu của vật liệu 
245 0 |c Ferdinand L.Singer 
260 |a Sài Gòn 
260 |b [ Sài Gòn ] 
260 |c 1965 
650 |a mechanical engineering 
980 |a Trung tâm Học liệu Trường Đại học Cần Thơ